000
00295nam a22001337a 4500
008
170920b xxu||||| |||| 00| 0 eng d
020
_a
9780870999086
041
_a
eng
080
_a
7
100
_a
44
101
_a
ART
245
_a
WHEN THE PYRAMIDS WERE BUILT
_c
ARNOLD, D
942
_2
udc
_c
BK
999
_c
28396
_d
28396